000 00731 a2200229 4500
003 dpl
005 20240726143801.0
008 240726b |||||||| |||| 00| 0 eng d
010 _aENG-141019
020 _a9789354790171
_c995.00
035 _aEN-124551
037 _bDBAD
040 _c0
082 1 4 _a658
_22
100 1 _968964
_aLaasch, Oliver
245 1 _aPrinciples of Management:
_cBy Oliver Laasch
_bPracticing Ethics, Responsibility, Sustainability/
250 _a2
260 _aNew Delhi
_bSage Publications
_c2021
270 _aB1/11, Mohan Cooperative Industrial Area, Mathura Road
_bNew Delhi
_e110 044
300 _axxviii,807,I-14p.
_c23cm(pb)
_bIndex
942 _adpl
_cEN
_2ddc
_h658
_mLAA
999 _c204525
_d204525